000 00168nam a22000977a 4500
003 SGT
245 _aCaries Research
260 _c2009
300 _a504
942 _2ddc
_cBV
999 _c30251
_d30251